| 000 | 00714nam a22002177a 4500 | ||
|---|---|---|---|
| 003 | OSt | ||
| 005 | 20230126143313.0 | ||
| 008 | 220916b |||||||| |||| 00| 0 eng d | ||
| 020 | _a85 99616 03 X | ||
| 040 | _cBiblioteca Lado V | ||
| 082 |
_a779 _bH548a |
||
| 100 |
_913 _aHerkenhoff, Paulo _ecurador |
||
| 245 |
_aAdriana Varejao/ _bFotografĂa como pintura/ |
||
| 260 |
_aBrasil _bFUNARTE _c2006 |
||
| 300 |
_a88p. _c12x16cm |
||
| 650 |
_2Tesauro de Arte & Arquitectura _aCATALOGO |
||
| 650 |
_2Tesauro de Arte & Arquitectura _aFOTOGRAFIA |
||
| 650 |
_2Tesauro de Arte & Arquitectura _aBRASIL |
||
| 650 |
_2Tesauro de Arte & Arquitectura _aEXPOSICIONES |
||
| 942 |
_2ddc _c1 _h779 _iH548a _n0 |
||
| 999 |
_c2927 _d2927 |
||